[Event "TUN-ch sf"]
[Site "Monastir"]
[Date "2024.03.25"]
[Round "7"]
[White "Zouari, Mohanned"]
[Black "Barbaria, Yacine"]
[Result "0-1"]
[WhiteElo "1770"]
[BlackElo "2170"]
[PlyCount "66"]
[EventDate "2024.03.21"]
[EventType "swiss"]
[EventRounds "9"]
[EventCountry "TUN"]
[SourceTitle "CB15_2024"]
[SourceDate "2024.04.10"]
[SourceVersion "1"]
[SourceVersionDate "2024.04.10"]
[SourceQuality "1"]

1. e4 e5 2. Nf3 Nc6 3. Bb5 Nf6 4. 0-0 Nxe4 5. d4 Nd6 6. Bxc6 dxc6 7. dxe5 Nf5 8. Qxd8+ Kxd8 9. Nc3 h6 10. h3 Be6 11. g4 Ne7 12. Nd4 Bd7 13. f4 h5 14. f5 hxg4 15. hxg4 Rh4 16. Rf4 Nd5 17. Re4 Be7 18. Nf3 Bc5+ 19. Kg2 Nxc3 20. bxc3 Bxf5 21. Bg5+ Ke8 22. Bxh4 Bxe4 23. Re1 Bd5 24. Rh1 Be7 25. Bf2 b6 26. Rh8+ Bf8 27. Kg3 Kd7 28. Bd4 Re8 29. c4 Bxc4 30. e6+ Kxe6 31. Bxg7 Bd6+ 32. Kf2 Rxh8 33. Bxh8 Bxa2 0-1

[Event "TUN-ch sf"]
[Site "Monastir"]
[Date "2024.03.23"]
[Round "5"]
[White "Barbaria, Yacine"]
[Black "Ben Ghanem, Hamed"]
[Result "1-0"]
[WhiteElo "2170"]
[BlackElo "2118"]
[PlyCount "68"]
[EventDate "2024.03.21"]
[EventType "swiss"]
[EventRounds "9"]
[EventCountry "TUN"]
[SourceTitle "CB15_2024"]
[SourceDate "2024.04.10"]
[SourceVersion "1"]
[SourceVersionDate "2024.04.10"]
[SourceQuality "1"]

1. e4 c5 2. Nc3 Nc6 3. Bb5 g6 4. Bxc6 bxc6 5. d3 Bg7 6. f4 d6 7. Nf3 Nh6 8. 0-0 f5 9. Qe1 Nf7 10. exf5 Bxf5 11. Nh4 Qd7 12. Nxf5 gxf5 13. Ne2 Qe6 14. Rf3 Rg8 15. Re3 Qg6 16. Rg3 Qh6 17. b4 Kd7 18. Rb1 Rab8 19. Be3 c4 20. dxc4 Qe6 21. c5 Qe4 22. Qd2 Bf6 23. Rxg8 Rxg8 24. Ng3 Qc4 25. Rb3 Nh6 26. cxd6 exd6 27. Bc5 d5 28. Qd3 Qxf4 29. Be3 Qh4 30. b5 f4 31. bxc6+ Kd6 32. Bc5+ Kxc5 33. Rb5+ Kd6 34. Qxd5+ Ke7 1-0

[Event "TUN-ch sf"]
[Site "Monastir"]
[Date "2024.03.21"]
[Round "1"]
[White "Barbaria, Yacine"]
[Black "Mejri, Moncef"]
[Result "1-0"]
[WhiteElo "2170"]
[BlackElo "1683"]
[PlyCount "51"]
[EventDate "2024.03.21"]
[EventType "swiss"]
[EventRounds "9"]
[EventCountry "TUN"]
[SourceTitle "CB15_2024"]
[SourceDate "2024.04.10"]
[SourceVersion "1"]
[SourceVersionDate "2024.04.10"]
[SourceQuality "1"]

1. e4 c5 2. Nc3 g6 3. f4 Bg7 4. Nf3 Nc6 5. Bc4 e6 6. d3 Nge7 7. 0-0 0-0 8. Qe1 d5 9. Bb3 Na5 10. Bd2 Nxb3 11. cxb3 d4 12. Na4 b6 13. b4 Bd7 14. b3 Rc8 15. Nb2 b5 16. a4 a6 17. axb5 axb5 18. Ne5 Be8 19. Ra7 Bxe5 20. fxe5 Nc6 21. Rb7 Nxe5 22. Bh6 cxb4 23. Qg3 Qd6 24. Qh4 f5 25. Bxf8 Kxf8 26. Qh6+ 1-0

[Event "TUN-ch"]
[Site "Sousse"]
[Date "2019.05.11"]
[Round "6"]
[White "Barbaria, Yacine"]
[Black "Taieb, Sahbi"]
[Result "1-0"]
[WhiteElo "2179"]
[BlackElo "2125"]
[PlyCount "81"]
[EventDate "2019.05.06"]
[EventType "tourn"]
[EventRounds "11"]
[EventCountry "TUN"]
[SourceTitle "CBM 190 Extra"]
[Source "ChessBase"]
[SourceDate "2019.07.15"]
[SourceVersion "1"]
[SourceVersionDate "2019.07.15"]
[SourceQuality "1"]

1. e4 e5 2. Nf3 Nc6 3. Bc4 Bc5 4. c3 Nf6 5. d3 0-0 6. Nbd2 d6 7. 0-0 a6 8. Bb3 Ba7 9. Re1 b5 10. Nf1 h6 11. Ng3 a5 12. h3 a4 13. Bc2 Ne7 14. Nh4 Ng6 15. Nhf5 Nf4 16. Qf3 g6 17. Nxh6+ Kg7 18. Bxf4 exf4 19. Qxf4 Rh8 20. Nxf7 Kxf7 21. d4 Kg7 22. e5 Nh5 23. Nxh5+ Rxh5 24. Bxg6 Kxg6 25. e6 Rf5 26. e7 Qxe7 27. Qxf5+ Bxf5 28. Rxe7 Bb6 29. g4 Bd3 30. f4 a3 31. b3 b4 32. Rae1 Rf8 33. R1e6+ Rf6 34. f5+ Kg5 35. h4+ Kf4 36. Rxf6 bxc3 37. Rfe6 Bxd4+ 38. Kg2 c2 39. Rxc7 Kxg4 40. f6 Bg6 41. f7 1-0

[Event "Hammam Sousse Sahel Festival Blitz"]
[Site "Hammam Sousse"]
[Date "2019.04.21"]
[Round "1.2"]
[White "Barbaria, Yacine"]
[Black "Amellal, Sofiane Anis"]
[Result "1-0"]
[WhiteElo "2132"]
[BlackElo "1906"]
[PlyCount "64"]
[EventDate "2019.04.21"]
[EventType "swiss (blitz)"]
[EventRounds "7"]
[EventCountry "TUN"]
[SourceTitle "EXT 2024"]
[Source "ChessBase"]
[SourceDate "2023.10.10"]
[SourceVersion "1"]
[SourceVersionDate "2023.10.10"]
[SourceQuality "1"]

1. e4 c6 2. d4 d5 3. Nc3 dxe4 4. Nxe4 Nf6 5. Nxf6+ gxf6 6. Nf3 Bg4 7. Be2 Qc7 8. h3 Bh5 9. c3 Nd7 10. 0-0 e6 11. Re1 0-0-0 12. a4 Bd6 13. a5 a6 14. Nd2 Bg6 15. Nc4 Bf4 16. Bxf4 Qxf4 17. Qc1 Qh4 18. Qe3 Rhg8 19. Bf1 Bf5 20. Nd6+ Kb8 21. Nxf5 exf5 22. Kh2 Nf8 23. g3 Qg5 24. Qxg5 fxg5 25. Re7 Rd7 26. Rae1 Kc7 27. Bd3 f4 28. Bf5 Rxe7 29. Rxe7+ Kd6 30. Rxf7 fxg3+ 31. fxg3 h5 32. Rxb7 Kd5 1-0

[Event "TUN-chT"]
[Site "Hammamet"]
[Date "2019.03.16"]
[Round "7.1"]
[White "Barbaria, Yacine"]
[Black "Meftahi, Houssem"]
[Result "0-1"]
[WhiteElo "2211"]
[BlackElo "2030"]
[PlyCount "59"]
[EventDate "2019.02.09"]
[EventType "team-tourn"]
[EventRounds "11"]
[EventCountry "TUN"]
[SourceTitle "CBM 190 Extra"]
[Source "ChessBase"]
[SourceDate "2019.07.15"]
[SourceVersion "1"]
[SourceVersionDate "2019.07.15"]
[SourceQuality "1"]
[WhiteTeam "Bouhjar"]
[BlackTeam "Soliman"]
[WhiteTeamCountry "TUN"]
[BlackTeamCountry "TUN"]

1. e4 c5 2. Nc3 e6 3. f4 a6 4. a4 d5 5. d3 Nc6 6. Nf3 Nf6 7. Be2 Be7 8. 0-0 0-0 9. Qe1 b6 10. Qg3 Ra7 11. Kh1 Rc7 12. Re1 Nd4 13. Bd1 Bb7 14. e5 Ne8 15. Qf2 f6 16. Nxd4 cxd4 17. Nb1 fxe5 18. Rxe5 Bc8 19. Bg4 Nf6 20. Bxe6+ Bxe6 21. Rxe6 Qc8 22. Qe1 Rxc2 23. Bd2 Bc5 24. f5 Rxb2 25. Na3 Rb3 26. Qg3 Ne4 27. Qe5 Rxd3 28. Qxd5 Ng3+ 29. Kg1 Kh8 30. Qc4 0-1

[Event "Arab-chT op"]
[Site "Hammamet"]
[Date "2019.03.03"]
[Round "1.4"]
[White "Fellah, Mohamed Amine"]
[Black "Barbaria, Yacine"]
[Result "1-0"]
[WhiteElo "2080"]
[BlackElo "2211"]
[PlyCount "101"]
[EventDate "2019.03.03"]
[EventType "team-swiss"]
[EventRounds "7"]
[EventCountry "TUN"]
[SourceTitle "EXT 2024"]
[Source "ChessBase"]
[SourceDate "2023.10.10"]
[SourceVersion "1"]
[SourceVersionDate "2023.10.10"]
[SourceQuality "1"]
[WhiteTeam "Algeria"]
[BlackTeam "Tunisia"]
[WhiteTeamCountry "ALG"]
[BlackTeamCountry "TUN"]

1. e4 e5 2. Nf3 Nc6 3. Bb5 Nf6 4. 0-0 Nxe4 5. Re1 Nd6 6. Nxe5 Nxe5 7. Rxe5+ Be7 8. Bf1 0-0 9. d4 Bf6 10. Re1 Nf5 11. c3 d5 12. Bf4 c6 13. Nd2 Nd6 14. Bd3 Be6 15. Qc2 g6 16. Nf3 Re8 17. Be5 a5 18. Qd2 Nc4 19. Bxc4 dxc4 20. Qh6 Bd5 21. Ng5 Rxe5 22. Rxe5 Bxg5 23. Rxg5 Qb6 24. Rb1 f5 25. h4 Re8 26. h5 Bf7 27. hxg6 Bxg6 28. Rg3 a4 29. Re3 Rxe3 30. Qxe3 f4 31. Qe6+ Kg7 32. Re1 Qxb2 33. Qxc4 Bf7 34. Re7 Qb1+ 35. Kh2 Qg6 36. Rxb7 Qh5+ 37. Kg1 Qd1+ 38. Qf1 Qc2 39. Qe1 Qxa2 40. Qe5+ Kg6 41. Qe4+ Kg7 42. Qxf4 Qd5 43. Ra7 Kg6 44. Rxa4 Qb3 45. Qg4+ Kf6 46. Ra5 Bd5 47. Ra8 Qxc3 48. Rf8+ Ke7 49. Qg7+ Kd6 50. Rd8+ Ke6 51. Re8+ 1-0

[Event "TUN-chT"]
[Site "Hammamet"]
[Date "2019.02.10"]
[Round "3.2"]
[White "Barbaria, Yacine"]
[Black "Jemai, Akram"]
[Result "1/2-1/2"]
[WhiteElo "2211"]
[BlackElo "2239"]
[PlyCount "34"]
[EventDate "2019.02.09"]
[EventType "team-tourn"]
[EventRounds "11"]
[EventCountry "TUN"]
[SourceTitle "CBM 190 Extra"]
[Source "ChessBase"]
[SourceDate "2019.07.15"]
[SourceVersion "1"]
[SourceVersionDate "2019.07.15"]
[SourceQuality "1"]
[WhiteTeam "Bouhjar"]
[BlackTeam "Ksibet Mediouni"]
[WhiteTeamCountry "TUN"]
[BlackTeamCountry "TUN"]

1. e4 e5 2. Nf3 Nc6 3. Bc4 Bc5 4. d3 Nf6 5. c3 d6 6. Nbd2 a6 7. Bb3 Ba7 8. Qe2 Ne7 9. Nf1 Ng6 10. Ng3 Be6 11. Ba4+ c6 12. Bd2 Nf4 13. Bxf4 exf4 14. Nf5 Bxf5 15. exf5+ Kf8 16. 0-0 Qa5 17. Qc2 Qxf5 1/2-1/2

[Event "TUN-chT"]
[Site "Hammamet"]
[Date "2019.02.09"]
[Round "1.4"]
[White "Barbaria, Yacine"]
[Black "Zarrouk, Hamza"]
[Result "1-0"]
[WhiteElo "2211"]
[BlackElo "1997"]
[PlyCount "33"]
[EventDate "2019.02.09"]
[EventType "team-tourn"]
[EventRounds "11"]
[EventCountry "TUN"]
[SourceTitle "CBM 190 Extra"]
[Source "ChessBase"]
[SourceDate "2019.07.15"]
[SourceVersion "1"]
[SourceVersionDate "2019.07.15"]
[SourceQuality "1"]
[WhiteTeam "Bouhjar"]
[BlackTeam "Metouia"]
[WhiteTeamCountry "TUN"]
[BlackTeamCountry "TUN"]

1. e4 c5 2. Nc3 Nc6 3. Bb5 Nd4 4. Bc4 d6 5. d3 Nf6 6. Nge2 Bg4 7. f3 Nxe2 8. Qxe2 Bd7 9. Bg5 Qb6 10. 0-0 e6 11. f4 Qxb2 12. Qd2 Qb6 13. e5 d5 14. Rab1 Qa5 15. Bb5 a6 16. Bxd7+ Nxd7 17. Nxd5 1-0

[Event "Tunis Ramadan Cup"]
[Site "Tunis"]
[Date "2018.06.10"]
[Round "1"]
[White "Bamri, Salim"]
[Black "Barbaria, Yacine"]
[Result "0-1"]
[WhiteElo "1303"]
[BlackElo "2176"]
[PlyCount "61"]
[EventDate "2018.06.10"]
[EventType "swiss"]
[EventRounds "9"]
[EventCountry "TUN"]
[SourceTitle "CBM 185 Extra"]
[Source "ChessBase"]
[SourceDate "2018.07.29"]
[SourceVersion "1"]
[SourceVersionDate "2018.07.29"]
[SourceQuality "1"]

1. e4 d5 2. exd5 Qxd5 3. Nc3 Qa5 4. Nf3 Nf6 5. d4 c6 6. Be2 Bf5 7. Bf4 e6 8. a3 Nbd7 9. 0-0 Be7 10. Re1 0-0 11. Ne5 Nxe5 12. dxe5 Rfd8 13. Qc1 Nd5 14. Nxd5 cxd5 15. b4 Qc7 16. Bd3 Bg6 17. Bxg6 hxg6 18. Bg3 Rac8 19. Re2 Qc4 20. Qd1 Rc6 21. Qd3 Rdc8 22. Qxc4 Rxc4 23. Rc1 Rc3 24. a4 Bxb4 25. f4 b6 26. Be1 R3c4 27. Bxb4 Rxb4 28. c3 Rxf4 29. Rec2 Rxa4 30. Kf2 Re4 31. Re2 0-1

[Event "Tunis Ramadan Cup"]
[Site "Tunis"]
[Date "2018.06.10"]
[Round "4"]
[White "Barbaria, Yacine"]
[Black "Bouzidi, Ahmed"]
[Result "0-1"]
[WhiteElo "2176"]
[BlackElo "2158"]
[PlyCount "62"]
[EventDate "2018.06.10"]
[EventType "swiss"]
[EventRounds "9"]
[EventCountry "TUN"]
[SourceTitle "CBM 185 Extra"]
[Source "ChessBase"]
[SourceDate "2018.07.29"]
[SourceVersion "1"]
[SourceVersionDate "2018.07.29"]
[SourceQuality "1"]

1. e4 e5 2. Nf3 Nc6 3. Bc4 Nf6 4. d3 Bc5 5. 0-0 Qe7 6. c3 d6 7. h3 h6 8. Nbd2 g5 9. b4 Bb6 10. a4 a6 11. d4 g4 12. dxe5 Nxe5 13. Nxe5 Qxe5 14. hxg4 Nxg4 15. Nf3 Qxc3 16. Qb3 Qxa1 17. Bxf7+ Kf8 18. Be6 Bxf2+ 19. Kh1 Bxe6 20. Qxe6 Qg7 21. Nh2 Qf7 22. Qxg4 Ke7 23. Bb2 Rhg8 24. Qe2 Raf8 25. Bd4 Qb3 26. Bxf2 Kd7 27. Qh5 Kc8 28. Qh3+ Qxh3 29. gxh3 Rf4 30. Be3 Rxe4 31. Bxh6 Rh8 0-1

[Event "TUN-ch"]
[Site "Hammamet"]
[Date "2018.02.20"]
[Round "8"]
[White "Barbaria, Yacine"]
[Black "Taieb, Sahbi"]
[Result "1-0"]
[WhiteElo "2234"]
[BlackElo "2111"]
[PlyCount "117"]
[EventDate "2018.02.14"]
[EventType "tourn"]
[EventRounds "11"]
[EventCountry "TUN"]
[SourceTitle "CBM 183 Extra"]
[Source "ChessBase"]
[SourceDate "2018.04.19"]
[SourceVersion "1"]
[SourceVersionDate "2018.04.19"]
[SourceQuality "1"]

1. e4 c5 2. Nc3 e6 3. f4 a6 4. a4 Nc6 5. Nf3 d5 6. d3 Nf6 7. Be2 Be7 8. 0-0 0-0 9. Qe1 Rb8 10. a5 Nxa5 11. e5 Ne8 12. Nxd5 Qxd5 13. Rxa5 b6 14. Ra1 Bb7 15. Qg3 f5 16. exf6 Bxf6 17. Ng5 Bxg5 18. fxg5 Rxf1+ 19. Bxf1 Nd6 20. g6 hxg6 21. Ra4 Rf8 22. Qxg6 Qf5 23. Qxf5 exf5 24. Bf4 Nb5 25. c3 Re8 26. Kf2 Re7 27. Be2 Nc7 28. Bf3 Bxf3 29. Kxf3 a5 30. d4 cxd4 31. Rxd4 Ne6 32. Rd6 Nxf4 33. Kxf4 Re2 34. Rxb6 Rxg2 35. h3 Rf2+ 36. Kg5 Kh7 37. Rb5 a4 38. c4 f4 39. Kg4 f3 40. Rb4 a3 41. bxa3 Ra2 42. Kxf3 Rxa3+ 43. Kg4 Rc3 44. h4 Rc1 45. Kf5 Rh1 46. c5 Rc1 47. Rb5 Rc4 48. Ke6 Rxh4 49. c6 Rc4 50. Kd5 Rc1 51. Rc5 Rd1+ 52. Ke6 Re1+ 53. Kd6 Re8 54. c7 Kg6 55. c8Q Rxc8 56. Rxc8 Kg5 57. Ke5 Kg4 58. Rg8 g5 59. Kf6 1-0

[Event "TUN-ch"]
[Site "Hammamet"]
[Date "2018.02.18"]
[Round "5"]
[White "Douissa, Oussama"]
[Black "Barbaria, Yacine"]
[Result "1/2-1/2"]
[WhiteElo "2253"]
[BlackElo "2234"]
[PlyCount "28"]
[EventDate "2018.02.14"]
[EventType "tourn"]
[EventRounds "11"]
[EventCountry "TUN"]
[SourceTitle "CBM 183 Extra"]
[Source "ChessBase"]
[SourceDate "2018.04.19"]
[SourceVersion "1"]
[SourceVersionDate "2018.04.19"]
[SourceQuality "1"]

1. d4 Nf6 2. c4 e6 3. Nf3 d5 4. Nc3 c6 5. e3 Nbd7 6. Bd3 dxc4 7. Bxc4 b5 8. Bd3 Bb7 9. 0-0 Bd6 10. a4 b4 11. Ne4 Nxe4 12. Bxe4 0-0 13. b3 f5 14. Bc2 c5 1/2-1/2

[Event "TUN-ch"]
[Site "Hammamet"]
[Date "2016.12.07"]
[Round "5"]
[White "Barbaria, Yacine"]
[Black "Jmila, Omar"]
[Result "1/2-1/2"]
[WhiteElo "2177"]
[BlackElo "2082"]
[PlyCount "86"]
[EventDate "2016.12.05"]
[EventType "swiss"]
[EventRounds "9"]
[EventCountry "TUN"]
[SourceTitle "CBM 176 Extra"]
[Source "ChessBase"]
[SourceDate "2017.03.02"]
[SourceVersion "1"]
[SourceVersionDate "2017.03.02"]
[SourceQuality "1"]

1. e4 e5 2. Bc4 c6 3. Nc3 Nf6 4. d3 d5 5. exd5 cxd5 6. Bb5+ Bd7 7. Bxd7+ Nbxd7 8. Bg5 Qb6 9. Nge2 Bd6 10. 0-0 0-0 11. Qd2 d4 12. Ne4 Nxe4 13. dxe4 f6 14. Bh4 g5 15. Bg3 Nc5 16. c3 Nxe4 17. Qd3 Nxg3 18. hxg3 dxc3 19. Nxc3 Kh8 20. Rad1 Rad8 21. Qf5 Qc6 22. Ne4 Be7 23. Rc1 Qd7 24. Qf3 Rc8 25. Rxc8 Qxc8 26. Nc3 Bc5 27. Qd5 Qc6 28. Qxc6 bxc6 29. Ne4 Bd4 30. b3 h6 31. Rc1 f5 32. Nd6 c5 33. Nb7 f4 34. g4 e4 35. Nxc5 e3 36. Ne6 Bb2 37. Nxf8 Bxc1 38. fxe3 Bxe3+ 39. Kf1 Kg7 40. Nd7 Kf7 41. Ne5+ Ke6 42. Nc4 Kd5 43. Ke2 Kd4 1/2-1/2

[Event "TUN-ch"]
[Site "Hammamet"]
[Date "2016.12.06"]
[Round "3"]
[White "Barbaria, Yacine"]
[Black "Boudriga, Mohamed Ali"]
[Result "0-1"]
[WhiteElo "2177"]
[BlackElo "2370"]
[PlyCount "96"]
[EventDate "2016.12.05"]
[EventType "swiss"]
[EventRounds "9"]
[EventCountry "TUN"]
[SourceTitle "CBM 176 Extra"]
[Source "ChessBase"]
[SourceDate "2017.03.02"]
[SourceVersion "1"]
[SourceVersionDate "2017.03.02"]
[SourceQuality "1"]

1. e4 c5 2. Nc3 a6 3. a4 Nc6 4. f4 e6 5. Nf3 d5 6. d3 Nge7 7. Be2 g6 8. 0-0 Bg7 9. Qe1 0-0 10. Kh1 b6 11. Qg3 f5 12. e5 d4 13. Nb1 Nd5 14. Bd2 Rb8 15. h4 Bd7 16. c3 dxc3 17. bxc3 Na5 18. d4 c4 19. Na3 Rc8 20. Be1 Qe8 21. Nd2 b5 22. axb5 Bxb5 23. Bf2 Bh6 24. Nxb5 axb5 25. Be1 Nc6 26. Nb1 Ra8 27. Rxa8 Qxa8 28. Bd2 Qa2 29. Bf3 Nce7 30. h5 Rd8 31. Qh4 Bf8 32. Bxd5 Rxd5 33. Qf6 Qa6 34. Bc1 Rd7 35. hxg6 Nxg6 36. Qg5 Be7 37. Qh5 b4 38. g4 Qa8+ 39. Kg1 Nh4 40. Rf2 fxg4 41. Qxg4+ Kh8 42. Qxe6 Rd8 43. Qxe7 Rg8+ 44. Kf1 Qh1+ 45. Ke2 Qe4+ 46. Kf1 Qd3+ 47. Re2 Qd1+ 48. Kf2 Qg1# 0-1

[Event "TUN-chB"]
[Site "Hammamet"]
[Date "2016.10.18"]
[Round "6"]
[White "Hbacha, Achraf"]
[Black "Barbaria, Yacine"]
[Result "0-1"]
[WhiteElo "2013"]
[BlackElo "2133"]
[PlyCount "100"]
[EventDate "2016.10.15"]
[EventType "swiss"]
[EventRounds "9"]
[EventCountry "TUN"]
[SourceTitle "EXT 2018"]
[Source "ChessBase"]
[SourceDate "2017.10.13"]
[SourceVersion "1"]
[SourceVersionDate "2017.10.13"]
[SourceQuality "1"]

1. d4 Nf6 2. Bg5 d5 3. Bxf6 exf6 4. c3 Bd6 5. e3 0-0 6. Bd3 c6 7. Nd2 Re8 8. Ne2 Bg4 9. Qc2 g6 10. h3 Bxe2 11. Bxe2 f5 12. 0-0-0 Nd7 13. g4 f4 14. e4 dxe4 15. Nxe4 Nf6 16. Bd3 Nxe4 17. Bxe4 Qh4 18. f3 Re7 19. Kb1 Kg7 20. a3 h6 21. Rh2 Rh8 22. Ka2 h5 23. Rg1 Qf6 24. gxh5 Rxh5 25. Rhg2 Rxh3 26. Bxg6 Rg3 27. Be4 Qg5 28. Qd2 f6 29. Kb1 Re8 30. Ka2 Rg8 31. Qc2 Kf8 32. Rxg3 fxg3 33. Qb3 Qg7 34. Qc2 Qf7+ 35. b3 Rg5 36. Bd3 Rh5 37. Kb1 Rh2 38. Rg2 Qh5 39. f4 Qf3 40. Be4 Rxg2 41. Bxf3 Rxc2 42. Kxc2 Bxa3 43. Kd3 Kg7 44. Ke4 Kg6 45. f5+ Kg5 46. c4 Kh4 47. Bg2 Kg4 48. d5 cxd5+ 49. cxd5 Bd6 50. Bf1 a5 0-1

[Event "TUN-chB"]
[Site "Hammamet"]
[Date "2016.10.17"]
[Round "4"]
[White "Mohammed, Naoueli"]
[Black "Barbaria, Yacine"]
[Result "0-1"]
[WhiteElo "2029"]
[BlackElo "2133"]
[PlyCount "80"]
[EventDate "2016.10.15"]
[EventType "swiss"]
[EventRounds "9"]
[EventCountry "TUN"]
[SourceTitle "EXT 2018"]
[Source "ChessBase"]
[SourceDate "2017.10.13"]
[SourceVersion "1"]
[SourceVersionDate "2017.10.13"]
[SourceQuality "1"]

1. e4 d5 2. exd5 Qxd5 3. Nc3 Qa5 4. d4 Nf6 5. Nf3 c6 6. Ne5 Bf5 7. Bd3 Bxd3 8. Qxd3 Nbd7 9. Nxd7 Nxd7 10. Bf4 e6 11. 0-0 Bb4 12. Ne4 0-0 13. c3 Be7 14. Qg3 Qf5 15. Rfe1 Nf6 16. Nxf6+ Bxf6 17. Be5 Bxe5 18. Qxe5 Qxe5 19. dxe5 Rfd8 20. Rad1 Kf8 21. Kf1 Ke7 22. Ke2 Rd5 23. f4 Rad8 24. g3 f6 25. c4 Rxd1 26. Rxd1 Rxd1 27. Kxd1 fxe5 28. fxe5 Kf7 29. Ke2 Kg6 30. g4 Kg5 31. Kf3 Kh4 32. h3 Kxh3 33. c5 Kh4 34. Kf4 g5+ 35. Kf3 h5 36. gxh5 g4+ 37. Kf4 Kxh5 38. Kg3 Kg5 39. b4 Kf5 40. a4 Kxe5 0-1

[Event "TUN-chB"]
[Site "Hammamet"]
[Date "2016.10.16"]
[Round "2"]
[White "Tritar, Kamel"]
[Black "Barbaria, Yacine"]
[Result "1/2-1/2"]
[WhiteElo "1942"]
[BlackElo "2133"]
[PlyCount "90"]
[EventDate "2016.10.15"]
[EventType "swiss"]
[EventRounds "9"]
[EventCountry "TUN"]
[SourceTitle "EXT 2018"]
[Source "ChessBase"]
[SourceDate "2017.10.13"]
[SourceVersion "1"]
[SourceVersionDate "2017.10.13"]
[SourceQuality "1"]

1. d4 Nf6 2. Nf3 d5 3. e3 e6 4. Bd3 Bd6 5. 0-0 0-0 6. b3 a5 7. a4 Ne4 8. Bb2 Nd7 9. Nbd2 f5 10. c4 b6 11. Qc2 Bb7 12. Rad1 Qe8 13. cxd5 Nxd2 14. Nxd2 Bxd5 15. f4 Nf6 16. Nc4 Qh5 17. Qe2 Qh4 18. Rc1 Rac8 19. Nxd6 cxd6 20. Bc4 Qg4 21. Rf2 Rf7 22. Bxd5 Rxc1+ 23. Bxc1 Nxd5 24. Qxg4 fxg4 25. Rc2 Rc7 26. Rxc7 Nxc7 27. Ba3 Nd5 28. Kf2 Nf6 29. Ke2 Ne8 30. e4 Kf7 31. Kd3 Ke7 32. Kc4 Kd7 33. e5 dxe5 34. dxe5 Kc6 35. Kd4 Nc7 36. Ke4 g6 37. g3 b5 38. Kd4 bxa4 39. bxa4 Nd5 40. Bc1 Kb6 41. Bd2 Ne7 42. Kc4 Nf5 43. Kd3 h5 44. Be1 Ne7 45. Kc4 Nd5 1/2-1/2

[Event "Arab Clubs-chT"]
[Site "Monastir"]
[Date "2013.11.04"]
[Round "1.2"]
[White "Barbaria, Yacine"]
[Black "Amdouni, Zoubaier"]
[Result "1-0"]
[WhiteElo "2009"]
[BlackElo "2247"]
[PlyCount "77"]
[EventDate "2013.11.04"]
[EventType "team-tourn"]
[EventRounds "9"]
[EventCountry "TUN"]
[SourceTitle "EXT 2014"]
[Source "ChessBase"]
[SourceDate "2013.11.20"]
[SourceVersion "1"]
[SourceVersionDate "2013.11.20"]
[SourceQuality "1"]
[WhiteTeam "Sfax"]
[BlackTeam "Marsa"]
[WhiteTeamCountry "TUN"]
[BlackTeamCountry "TUN"]

1. e4 c5 2. Nc3 Nc6 3. Bb5 Nd4 4. Bc4 e6 5. Nge2 a6 6. d3 b5 7. Bb3 Nxe2 8. Qxe2 Ne7 9. 0-0 Nc6 10. Be3 Nd4 11. Qd2 Be7 12. Bxd4 cxd4 13. Ne2 Qb6 14. f4 h6 15. Ng3 Bb7 16. Kh1 0-0 17. f5 e5 18. Nh5 Bg5 19. Qf2 Kh7 20. h4 g6 21. hxg5 gxh5 22. f6 hxg5 23. Qg3 Rg8 24. Bxf7 Rgf8 25. Bd5 Bxd5 26. Qxg5 Rf7 27. exd5 Kh8 28. Kg1 Qd6 29. Rae1 Raf8 30. Qxh5+ Rh7 31. Qxe5 Qxe5 32. Rxe5 Rhf7 33. Re7 Kh7 34. Rxf7+ Rxf7 35. Rf3 Kg6 36. Kf2 Rxf6 37. Rxf6+ Kxf6 38. g4 Ke5 39. Kf3 1-0